[Event "Tournoi francophone 013"]
[Site "Skype"]
[Date "????.??.??"]
[Round "5.3"]
[White "Thevenet, Yann"]
[Black "Elias, Roberto"]
[Result "1-0"]
[WhiteElo "1986"]
[BlackElo "1782"]
[PlyCount "61"]

1. e4 c5 2. b3 Nc6 3. Bb2 e5 4. f4 d6 5. Bb5 Bd7 6. Nf3 Nf6 7. Nc3 Nd4 8. Bxd7+
Nxd7 9. O-O Be7 10. Nd5 O-O 11. c3 Nc6 12. d4 exf4 13. Qd2 Nf6 14. Qxf4 cxd4
15. c4 Nh5 16. Qd2 d3 17. Qxd3 Bf6 18. Nd4 Bxd4+ 19. Bxd4 Ne5 20. Qh3 Qg5 21.
Rf5 Qd2 22. Bc3 Qe2 23. Re1 Qxa2 24. Rxh5 h6 25. Ne7+ Kh7 26. Nf5 Nc6 27. Bb2
b5 28. Nd4 bxc4 29. Qd3 f6 30. Qh3 c3 31. Nf5 1-0

[Event "Tournoi francophone 013"]
[Site "Skype"]
[Date "????.??.??"]
[Round "5.4"]
[White "Deville, Olivier"]
[Black "Couto, Januario"]
[Result "1-0"]
[WhiteElo "1823"]
[BlackElo "1387"]
[PlyCount "37"]

1. d4 g6 2. c4 d6 3. Nc3 Bg7 4. Nf3 f5 5. g3 Nf6 6. Bg2 O-O 7. O-O Qe8 8. d5
Nbd7 9. Qc2 Nc5 10. b3 Nfe4 11. Bb2 e5 12. dxe6 Qxe6 13. Nd5 Qf7 14. Bxg7 Qxg7
15. Rad1 Be6 16. Nf4 Bf7 17. Nd4 Rae8 18. Nb5 a6 19. Nxc7 1-0

[Event "Tournoi francophone 013"]
[Site "Skype"]
[Date "????.??.??"]
[Round "5.5"]
[White "Lambert, Pierre"]
[Black "Ortiz, Vladimir"]
[Result "1-0"]
[WhiteElo "1647"]
[BlackElo "1419"]
[PlyCount "83"]

1. e4 e6 2. d4 d5 3. e5 c5 4. c3 Nc6 5. Nf3 Qb6 6. a3 Bd7 7. b4 cxd4 8. cxd4
Nge7 9. Nc3 Nf5 10. Na4 Qc7 11. Nc5 Bxc5 12. bxc5 b6 13. cxb6 Qxb6 14. Be3 Nxe3
15. fxe3 Qa5+ 16. Qd2 Qxd2+ 17. Nxd2 Rb8 18. Bd3 O-O 19. Ke2 Rb2 20. Rhb1 Rfb8
21. Rxb2 Rxb2 22. Rb1 Rxb1 23. Bxb1 Nd8 24. Nb3 Bb5+ 25. Bd3 Bxd3+ 26. Kxd3 Nb7
27. Kc3 a5 28. Nc5 Nd8 29. Kb3 Nc6 30. Ka4 Kf8 31. Kb5 Na7+ 32. Kxa5 Ke7 33.
Kb6 Nc8+ 34. Kb7 Kd8 35. a4 h6 36. a5 g6 37. a6 g5 38. Na4 g4 39. Nb6 Nxb6 40.
Kxb6 Kc8 41. a7 h5 42. a8=Q+ 1-0

[Event "Tournoi francophone 013"]
[Site "Skype"]
[Date "????.??.??"]
[Round "5.6"]
[White "Scata, Laura"]
[Black "Hurtado De Mendoza, Ramon Miguel"]
[Result "1/2-1/2"]
[WhiteElo "1366"]
[BlackElo "1549"]
[PlyCount "57"]

1. d4 Nf6 2. Bf4 g6 3. Nc3 Bg7 4. e4 d6 5. Qd2 Nc6 6. d5 Ne5 7. Bh6 O-O 8. Bxg7
Kxg7 9. Be2 a6 10. f4 Ned7 11. Nf3 e5 12. fxe5 Nxe5 13. Nxe5 dxe5 14. O-O Ne8
15. Rf3 Nd6 16. Rg3 b5 17. a3 Qe7 18. Qg5 Qxg5 19. Rxg5 Bd7 20. Rxe5 Rae8 21.
Rxe8 Rxe8 22. Bd3 c6 23. Rf1 cxd5 24. Nxd5 Bc8 25. Re1 Bb7 26. Nc7 Re7 27. e5
Nc8 28. Nxb5 axb5 29. Bxb5 1/2-1/2

[Event "Tournoi francophone 013"]
[Site "Skype"]
[Date "????.??.??"]
[Round "5.7"]
[White "Megelas, Florent"]
[Black "Bourdeau, Yvan"]
[Result "1/2-1/2"]
[WhiteElo "1539"]
[BlackElo "1383"]
[PlyCount "114"]

1. e4 d5 2. exd5 Qxd5 3. Nc3 Qd8 4. d4 Bf5 5. Bf4 c6 6. Nf3 Nf6 7. Bd3 Bg6 8.
Ne5 e6 9. Nxg6 hxg6 10. Be2 Bd6 11. Qd2 Qc7 12. Bxd6 Qxd6 13. h3 Nbd7 14. O-O-O
O-O-O 15. Bf3 Nb6 16. Be2 Rh4 17. g4 Rdh8 18. Qe3 Nbd5 19. Nxd5 Nxd5 20. Qf3
Qf4+ 21. Qxf4 Nxf4 22. Bf1 f5 23. f3 Nxh3 24. Bxh3 Rxh3 25. Rxh3 Rxh3 26. Rf1
Rh2 27. c3 Kd7 28. gxf5 gxf5 29. Rg1 Rh7 30. a3 Ke7 31. f4 Kf6 32. b3 Rh4 33.
Rf1 g5 34. fxg5+ Kxg5 35. Kd2 Rf4 36. Rg1+ Rg4 37. Rf1 Rg2+ 38. Ke3 Rb2 39. b4
Rb3 40. Rg1+ Kf6 41. Kd3 Rxa3 42. Rh1 a5 43. bxa5 Rxa5 44. Rh6+ Kg5 45. Rxe6
Ra8 46. Re1 Rf8 47. Rg1+ Kf6 48. Rb1 Rf7 49. Rf1 Kg5 50. Rg1+ Kf4 51. Rg6 Kf3
52. Rg5 f4 53. Rg6 Kf2 54. Rg4 f3 55. Kd2 Rh7 56. Rg5 Rh2 57. Rg6 Kf1+ 1/2-1/2

[Event "Tournoi francophone 013"]
[Site "Skype"]
[Date "????.??.??"]
[Round "5.8"]
[White "Trivedi, Viral"]
[Black "Leyton Calderon, Jairo Oswaldo"]
[Result "1-0"]
[WhiteElo "1230"]
[BlackElo "1526"]
[PlyCount "47"]

1. b3 Nf6 2. Bb2 b6 3. e3 Bb7 4. Nf3 c5 5. c4 e6 6. Be2 Be7 7. O-O O-O 8. Nc3
Nc6 9. Rc1 d5 10. cxd5 Nxd5 11. Nxd5 exd5 12. d4 Bf6 13. Ba1 cxd4 14. Nxd4 Nxd4
15. Bxd4 Rc8 16. Rxc8 Bxc8 17. Bxf6 gxf6 18. Bd3 Be6 19. Qh5 f5 20. Bxf5 Bxf5
21. Qxf5 Qd6 22. Rd1 Rd8 23. Rd4 Qa3 24. Qg5+ 1-0

[Event "Tournoi francophone 013"]
[Site "Skype"]
[Date "????.??.??"]
[Round "5.10"]
[White "Mantelli, Luca"]
[Black "Violette, Didier"]
[Result "0-1"]
[WhiteElo "1370"]
[BlackElo "1520"]
[PlyCount "84"]

1. e4 c5 2. Nc3 Nc6 3. g3 d6 4. Bg2 Nf6 5. d3 g6 6. h3 Bg7 7. Be3 O-O 8. Qd2 a6
9. Bh6 Bxh6 10. Qxh6 Nd4 11. Kd2 Rb8 12. Nd1 b5 13. f3 b4 14. g4 Qa5 15. b3 Qc7
16. h4 d5 17. exd5 Qg3 18. Bf1 Nxf3+ 19. Nxf3 Qxf3 20. Rh3 Qxf1 21. Qe3 Nxg4
22. Qg3 Bd7 23. Rc1 Qf5 24. Rh1 Qxd5 25. Ne3 Nxe3 26. Qxe3 Qg2+ 27. Qe2 Qxe2+
28. Kxe2 Bg4+ 29. Kf2 h5 30. Rce1 Rfe8 31. Ke3 Rbd8 32. Kf4 Rd4+ 33. Kg3 e5 34.
Re3 f6 35. Rhe1 Kf7 36. Ra1 f5 37. Kg2 f4 38. Ree1 e4 39. dxe4 Rdxe4 40. Rf1
Re2+ 41. Rf2 Rxf2+ 42. Kxf2 Re2+ 0-1

[Event "Tournoi francophone 013"]
[Site "Skype"]
[Date "????.??.??"]
[Round "5.11"]
[White "Le Brun, Yves"]
[Black "Vincent, Andre"]
[Result "1-0"]
[WhiteElo "1338"]
[BlackElo "1377"]
[PlyCount "77"]

1. d4 d5 2. c4 Nf6 3. Nf3 c6 4. Bf4 Bf5 5. Nbd2 h6 6. h3 e6 7. Qb3 Qb6 8. c5
Qxb3 9. axb3 Nbd7 10. b4 Be7 11. e3 O-O 12. Be2 Ne4 13. Nb3 b6 14. O-O f6 15.
Ba6 e5 16. dxe5 fxe5 17. Bxe5 Bf6 18. Bxf6 Nexf6 19. Nfd4 Ne4 20. Nxc6 bxc5 21.
Bb7 Rae8 22. Rxa7 c4 23. Nbd4 c3 24. Nxf5 Rxf5 25. bxc3 Nxc3 26. Rfa1 Ne5 27.
Nxe5 Rfxe5 28. Ra8 Kf8 29. Rxe8+ Rxe8 30. Ra8 Rxa8 31. Bxa8 Ke7 32. Bb7 Kd6 33.
Ba6 Kc6 34. Bd3 g5 35. g4 Ne4 36. f3 Nf6 37. Kf2 Kb6 38. Ke2 d4 39. exd4 1-0

[Event "Tournoi francophone 013"]
[Site "Skype"]
[Date "????.??.??"]
[Round "5.12"]
[White "Gerbaux, Regis"]
[Black "Gadow, Martin"]
[Result "1-0"]
[WhiteElo "1073"]
[BlackElo "1521"]
[PlyCount "23"]

1. d4 Nf6 2. Bf4 e6 3. e3 d5 4. c3 c5 5. Nf3 Bd6 6. Bg3 Nc6 7. Nbd2 O-O 8. Bd3
Qc7 9. Bh4 Be7 10. Bg3 e5 11. dxe5 Nxe5 12. Bxe5 1-0

[Event "Tournoi francophone 013"]
[Site "Skype"]
[Date "????.??.??"]
[Round "5.14"]
[White "L'Herbon De Lussats, Jean"]
[Black "Gharbi, Said"]
[Result "1-0"]
[WhiteElo "1272"]
[BlackElo "1456"]
[PlyCount "45"]

1. d4 e5 2. e4 exd4 3. Qxd4 Nc6 4. Qd3 Nf6 5. Nc3 Bc5 6. Bg5 Ne5 7. Qg3 d6 8.
Nf3 Neg4 9. Be3 Bxe3 10. fxe3 Nxe3 11. Bd3 Neg4 12. O-O-O O-O 13. h3 Nh6 14. e5
dxe5 15. Bxh7+ Nxh7 16. Rxd8 Rxd8 17. Nxe5 Nf5 18. Qf4 Rd4 19. Qf2 c5 20. g4
Nd6 21. Re1 Ng5 22. h4 Be6 23. hxg5 1-0

[Event "Tournoi francophone 013"]
[Site "Skype"]
[Date "????.??.??"]
[Round "5.15"]
[White "Douichi, Mohammed"]
[Black "Briere, Jean"]
[Result "0-1"]
[WhiteElo "1203"]
[BlackElo "1435"]
[PlyCount "93"]

1. e4 e5 2. Nf3 Nc6 3. c3 Nf6 4. Bd3 Bc5 5. b4 Bb6 6. O-O a6 7. Ba3 d6 8. Re1
Ng4 9. Rf1 O-O 10. b5 axb5 11. Bxb5 Bd7 12. d4 exd4 13. cxd4 Re8 14. e5 dxe5
15. d5 Nd4 16. Bxd7 Qxd7 17. h3 Nf6 18. Bb2 Qxd5 19. Nc3 Nxf3+ 20. gxf3 Qxd1
21. Raxd1 Bd4 22. Nb5 Rxa2 23. Bxd4 exd4 24. Nxd4 Rd8 25. Rfe1 c5 26. Nb3 Rxd1
27. Rxd1 Ra8 28. Nxc5 b5 29. Na6 Kf8 30. Kg2 Rxa6 31. Rd8+ Ke7 32. Rb8 Ra5 33.
Rb7+ Nd7 34. Rc7 Ra6 35. Kg3 b4 36. Rc4 Rb6 37. Re4+ Kf8 38. Re1 b3 39. Rb1 b2
40. Kf4 Nc5 41. Ke3 Na4 42. Kd2 f5 43. f4 h6 44. h4 Kf7 45. Re1 b1=Q 46. Re5
Rd6+ 47. Ke2 0-1

[Event "Tournoi francophone 013"]
[Site "Skype"]
[Date "????.??.??"]
[Round "5.16"]
[White "Fouquereau, Andre"]
[Black "Le Bouill, Pierre"]
[Result "0-1"]
[WhiteElo "1433"]
[BlackElo "1252"]
[PlyCount "70"]

1. e4 e5 2. c3 Nf6 3. d3 c6 4. Bg5 Be7 5. Nf3 d6 6. Qc2 h6 7. Bh4 Bg4 8. Nbd2
Nbd7 9. h3 Bxf3 10. Nxf3 Nh5 11. Bxe7 Qxe7 12. Be2 a6 13. Nd2 Nf4 14. Bf3 Nxg2+
15. Bxg2 Nf6 16. O-O-O b5 17. d4 exd4 18. cxd4 Qc7 19. e5 Nd5 20. Bxd5 Rc8 21.
exd6 Qxd6 22. Rhe1+ Kd7 23. Qf5+ Kc7 24. Be6 fxe6 25. Rxe6 Qxd4 26. Kb1 Rhf8
27. Qe5+ Qxe5 28. Rxe5 Rcd8 29. Re2 Rd5 30. Rde1 Rfd8 31. Kc2 Rc5+ 32. Kb3 Rd3+
33. Kb4 Kb6 34. Nb3 Rc4+ 35. Ka3 Ra4# 0-1

[Event "Tournoi francophone 013"]
[Site "Skype"]
[Date "????.??.??"]
[Round "5.17"]
[White "Duthoit, Bernard"]
[Black "Malbec, Robert"]
[Result "1-0"]
[WhiteElo "1379"]
[BlackElo "1214"]
[PlyCount "117"]

1. e4 e5 2. Nf3 Nc6 3. Bb5 a6 4. Bxc6 dxc6 5. d4 exd4 6. Qxd4 c5 7. Qxd8+ Kxd8
8. O-O Be7 9. Bf4 c6 10. Nc3 Bd7 11. Rad1 Ke8 12. Bd6 Bg4 13. Bxe7 Nxe7 14. Rd3
Rd8 15. Rxd8+ Kxd8 16. Rd1+ Kc7 17. Rd3 Rd8 18. Rxd8 Kxd8 19. Nd2 b5 20. f3 Be6
21. b3 Kc7 22. h3 c4 23. bxc4 Bxc4 24. Nxc4 bxc4 25. Kf2 Kd6 26. Ke3 Kc5 27. a3
g5 28. g4 h6 29. Na2 a5 30. c3 Ng6 31. Nc1 f6 32. Ne2 Ne5 33. Nd4 Nf7 34. Nf5
a4 35. Kd2 Kb5 36. Ke3 c5 37. f4 Kc6 38. fxg5 hxg5 39. h4 Kd7 40. h5 Ke6 41. h6
Ke5 42. h7 Nh8 43. Ne7 Kd6 44. Nd5 Ke6 45. Nb6 Kf7 46. Nxa4 Kg7 47. Nxc5 Kxh7
48. a4 Nf7 49. a5 Nd6 50. a6 Nc8 51. Kd4 Nb6 52. a7 Kg7 53. Nd7 Na8 54. Kxc4
Kf7 55. Kc5 Ke7 56. Nb6 Nc7 57. Kc6 Kd8 58. Nd5 Na8 59. Nxf6 1-0

[Event "Tournoi francophone 013"]
[Site "Skype"]
[Date "????.??.??"]
[Round "5.18"]
[White "Ruiz Aguilera, Juan Jesus"]
[Black "Amato, Ludovica"]
[Result "0-1"]
[WhiteElo "1083"]
[BlackElo "1346"]
[PlyCount "92"]

1. e4 e5 2. Nf3 Nf6 3. Nc3 Bb4 4. d3 Nc6 5. a3 Bxc3+ 6. bxc3 d5 7. exd5 Nxd5 8.
Bb2 Qe7 9. c4 Nf4 10. g3 Nh3 11. Qe2 f6 12. Bxh3 Bxh3 13. O-O-O O-O-O 14. Rhg1
Bg4 15. Rde1 Rhe8 16. Qe3 Bh5 17. d4 exd4 18. Nxd4 Nxd4 19. Bxd4 Qd7 20. Qd2
Rxe1+ 21. Rxe1 Qxd4 22. Qxd4 Rxd4 23. Re7 Rd7 24. Re4 Bg6 25. Rh4 Re7 26. Rd4
Re2 27. Rf4 Rxc2+ 28. Kd1 Kd7 29. Rd4+ Kc6 30. Rg4 Bh5 31. Kxc2 Bxg4 32. Kc3
Kc5 33. Kb3 Be6 34. h4 Bxc4+ 35. Kc3 b5 36. f4 a5 37. g4 b4+ 38. axb4+ axb4+
39. Kb2 Kd4 40. g5 fxg5 41. hxg5 g6 42. Kc2 c5 43. Kd2 Bd3 44. Kc1 Kc3 45. Kd1
b3 46. Kc1 b2+ 0-1

[Event "Tournoi francophone 013"]
[Site "Skype"]
[Date "????.??.??"]
[Round "5.19"]
[White "Ambrosino, Theo"]
[Black "De Coninck, Philippe"]
[Result "0-1"]
[WhiteElo "1339"]
[BlackElo "1173"]
[PlyCount "44"]

1. c4 c5 2. Nc3 Nf6 3. Nf3 Nc6 4. g3 e6 5. e3 d5 6. cxd5 Nxd5 7. Bg2 Nxc3 8.
bxc3 Qd3 9. Bb2 c4 10. Rc1 Be7 11. Nd4 Bd7 12. Bf1 Qe4 13. f3 Qd5 14. Bg2 Ne5
15. Bf1 f5 16. Ke2 Nd3 17. Rb1 e5 18. Nc2 Bc6 19. Bg2 e4 20. fxe4 fxe4 21. Nd4
O-O 22. Nxc6 Rf2# 0-1

[Event "Tournoi francophone 013"]
[Site "Skype"]
[Date "????.??.??"]
[Round "5.20"]
[White "Bucherie, Volcy"]
[Black "Rivalta, Paolo"]
[Result "1-0"]
[WhiteElo "1336"]
[BlackElo "1101"]
[PlyCount "89"]

1. d4 d5 2. c4 dxc4 3. e4 e6 4. Bxc4 Nf6 5. Nc3 Bb4 6. Bd2 Qxd4 7. Bb5+ c6 8.
Nf3 Qc5 9. e5 Ng4 10. O-O Bxc3 11. Bxc3 Qxb5 12. Nd4 Qxe5 13. Qxg4 Qd6 14. Qxg7
Qf8 15. Nxe6 Bxe6 16. Qxf8+ Rxf8 17. Bb4 Rg8 18. Rad1 Nd7 19. Rfe1 a5 20. Bd6
Rd8 21. Bc7 Ra8 22. a4 f6 23. Rxe6+ Kf7 24. Rde1 Ne5 25. Rd6 Nf3+ 26. Kf1 Nxe1
27. Kxe1 Rae8+ 28. Kd2 Rxg2 29. Rd7+ Kg6 30. Bxa5 Rxf2+ 31. Kc3 Rxb2 32. Kxb2
Re2+ 33. Kc3 Rxh2 34. Rxb7 h5 35. Bc7 Rh3+ 36. Kd2 h4 37. a5 Ra3 38. Rb8 Kg5
39. Rg8+ Kh5 40. Rf8 Rf3 41. a6 h3 42. a7 Rf2+ 43. Ke3 h2 44. Kxf2 h1=Q 45.
Rh8+ 1-0

[Event "Tournoi francophone 013"]
[Site "Skype"]
[Date "????.??.??"]
[Round "5.21"]
[White "Trapletti, Cosetta"]
[Black "Martin, Jean-Claude"]
[Result "0-1"]
[WhiteElo "1026"]
[BlackElo "1315"]
[PlyCount "34"]

1. d4 e5 2. e4 d6 3. c3 Nf6 4. Nd2 exd4 5. cxd4 Bg4 6. Ndf3 d5 7. Bf4 Bb4+ 8.
Nd2 Be2 9. Nxe2 Bxd2+ 10. Bxd2 c6 11. g3 h6 12. h4 b6 13. g4 c5 14. Bf4 h5 15.
Rc1 b5 16. a3 c4 17. Qd3 g5 0-1

[Event "Tournoi francophone 013"]
[Site "Skype"]
[Date "????.??.??"]
[Round "5.22"]
[White "Guillaume, Mickael"]
[Black "Pouteau, Pascal"]
[Result "0-1"]
[WhiteElo "1106"]
[BlackElo "1345"]
[PlyCount "54"]

1. e4 c6 2. d4 d5 3. Nc3 dxe4 4. Nxe4 Bf5 5. Nc3 e6 6. Nf3 Nf6 7. a3 Be7 8. Be3
O-O 9. Bd3 Bg4 10. O-O Nbd7 11. h3 Bh5 12. g4 Bg6 13. Bxg6 fxg6 14. Ng5 Rf7 15.
Nxe6 Qb6 16. b4 Nd5 17. Nxd5 cxd5 18. c3 Qxe6 19. Re1 Bh4 20. Qd2 Qf6 21. Re2
Qf3 22. Kh2 Raf8 23. Qd3 a6 24. a4 Nf6 25. c4 Ne4 26. cxd5 Nxf2 27. Qc4 Qg3#
0-1

[Event "Tournoi francophone 013"]
[Site "Skype"]
[Date "????.??.??"]
[Round "5.23"]
[White "Canova, Felix"]
[Black "Hargez, Dany"]
[Result "0-1"]
[WhiteElo "1000"]
[BlackElo "1296"]
[PlyCount "82"]

1. e4 e5 2. Nf3 d6 3. d4 Bg4 4. dxe5 Nc6 5. Bb5 dxe5 6. Qxd8+ Rxd8 7. O-O Bxf3
8. Bxc6+ bxc6 9. gxf3 Nf6 10. Bg5 Rd6 11. Nc3 Nh5 12. Rad1 Rg6 13. Kh1 Rxg5 14.
h4 Rg6 15. Rg1 Rd6 16. Rxd6 cxd6 17. a4 Be7 18. b4 Bxh4 19. Nd1 O-O 20. Rg4 Bf6
21. Ne3 g6 22. b5 cxb5 23. axb5 Ng7 24. Nd5 Bd8 25. f4 h5 26. Rh4 Bxh4 27. f5
gxf5 28. exf5 Nxf5 29. Nc7 Kh7 30. c4 Rg8 31. f3 Rg3 32. c5 dxc5 33. Ne8 Rxf3
34. Nd6 Rf1+ 35. Kg2 Rf2+ 36. Kg1 Nxd6 37. b6 axb6 38. Kh1 e4 39. Kg1 e3 40.
Kh1 e2 41. Kg1 e1=Q# 0-1

[Event "Tournoi francophone 013"]
[Site "Skype"]
[Date "????.??.??"]
[Round "5.24"]
[White "Sauvaget, Joel"]
[Black "Rodriguez, Nathalie"]
[Result "1/2-1/2"]
[WhiteElo "1290"]
[BlackElo "1266"]
[PlyCount "73"]

1. d4 d5 2. c4 e6 3. Nc3 Nf6 4. Bg5 Be7 5. Nf3 c6 6. e3 h6 7. Bh4 Nbd7 8. Bd3
O-O 9. O-O Qb6 10. Qc2 Re8 11. h3 a6 12. Bg3 c5 13. a3 cxd4 14. exd4 dxc4 15.
Bxc4 Qa7 16. Qb3 b5 17. Bd3 Bb7 18. Qd1 Rac8 19. Bc2 Nb6 20. Rb1 Nbd5 21. Nxd5
Bxd5 22. Rc1 Bxf3 23. Qxf3 Qxd4 24. b4 Rc4 25. Bb3 Rxc1 26. Rxc1 Qb2 27. Rd1
Qxa3 28. Bd6 Bxd6 29. Rxd6 Qxb4 30. Rxa6 Qe1+ 31. Kh2 Ne4 32. Ra2 Rc8 33. Re2
Qc3 34. Rxe4 Qxf3 35. gxf3 Rc3 36. Re3 Rxe3 37. fxe3 1/2-1/2

[Event "Tournoi francophone 013"]
[Site "Skype"]
[Date "????.??.??"]
[Round "5.25"]
[White "Farfallini, Michel"]
[Black "Montilla Bejarano, Carmen"]
[Result "1-0"]
[WhiteElo "1446"]
[BlackElo "1073"]
[PlyCount "95"]

1. e4 e5 2. Nf3 Nc6 3. Bb5 Nge7 4. O-O d6 5. d4 Bd7 6. d5 Nb4 7. Qe2 c6 8. Ba4
cxd5 9. Bxd7+ Qxd7 10. a3 Na6 11. exd5 Nxd5 12. Rd1 Qe6 13. Qb5+ Kd8 14. Rxd5
Nc7 15. Qxb7 Qxd5 16. Qxd5 Nxd5 17. Bd2 Rc8 18. Nc3 Nxc3 19. Bxc3 f6 20. Rd1
Be7 21. Nd2 d5 22. Ne4 d4 23. Ba5+ Ke8 24. c3 Rc4 25. cxd4 exd4 26. Re1 Kf7 27.
Ng3 g6 28. Rd1 Rb8 29. b4 Bd8 30. Ne4 Bxa5 31. Nd6+ Kg7 32. Nxc4 Bd8 33. Rxd4
Rc8 34. Kf1 Kh6 35. Rh4+ Kg7 36. Rd4 Bb6 37. Re4 f5 38. Nxb6 Rc1+ 39. Re1 Rxe1+
40. Kxe1 axb6 41. a4 Kf7 42. Kd2 Ke7 43. Kc3 Kd7 44. Kc4 Kc6 45. b5+ Kb7 46.
Kb4 h5 47. h4 f4 48. g3 1-0

[Event "Tournoi francophone 013"]
[Site "Skype"]
[Date "????.??.??"]
[Round "5.26"]
[White "Coude, Josue"]
[Black "Vervoort, Jean-Louis"]
[Result "0-1"]
[WhiteElo "1078"]
[BlackElo "1273"]
[PlyCount "82"]

1. e4 e5 2. Nf3 Nc6 3. Bc4 h6 4. d3 Bc5 5. Qe2 Nf6 6. h3 O-O 7. Be3 Bb6 8. Nc3
d6 9. Nd5 Be6 10. Bb5 Bxd5 11. exd5 Nxd5 12. Bxb6 axb6 13. c4 Nf6 14. O-O Na7
15. Ba4 Nc6 16. b3 Re8 17. Rfe1 e4 18. dxe4 Rxe4 19. Qd3 Qe7 20. Rxe4 Nxe4 21.
Qe3 f5 22. Nd2 Re8 23. Re1 Qf7 24. f3 Ng5 25. Qf2 Rxe1+ 26. Qxe1 Ne5 27. f4
Ngf3+ 28. Nxf3 Nxf3+ 29. gxf3 Qg6+ 30. Kf2 Qh5 31. Qe6+ Qf7 32. Qc8+ Kh7 33.
Qxb7 g5 34. fxg5 hxg5 35. b4 Qxc4 36. Bb3 Qc1 37. Qc8 Qd2+ 38. Kg3 f4+ 39. Kg4
Qg2+ 40. Kf5 Qxh3+ 41. Kxg5 Qxc8 0-1

[Event "Tournoi francophone 013"]
[Site "Skype"]
[Date "????.??.??"]
[Round "5.27"]
[White "Ramirez, Luis Antonio"]
[Black "Busto, Ricardo"]
[Result "0-1"]
[WhiteElo "1075"]
[BlackElo "1210"]
[PlyCount "104"]

1. d4 Nf6 2. c4 e6 3. Nf3 c5 4. Qc2 Nc6 5. Bf4 d6 6. e3 Nb4 7. Qd2 cxd4 8. exd4
d5 9. a3 Nc6 10. c5 Be7 11. g3 Nh5 12. Bg2 Nxf4 13. Qxf4 O-O 14. O-O Bd7 15.
Re1 Rc8 16. Nbd2 Qc7 17. Ne5 Nxe5 18. dxe5 Qd8 19. Nf3 Bxc5 20. Re2 Be7 21. Qg4
f5 22. Qh5 Rc4 23. Nd2 Rc2 24. f4 Qb6+ 25. Kh1 Rxb2 26. Rae1 Qa5 27. h3 Rxd2
28. Rxd2 Qxd2 29. Qe2 Qxe2 30. Rxe2 Bxa3 31. Rc2 Rc8 32. Ra2 Rc1+ 33. Kh2 Bc5
34. h4 Bg1+ 35. Kh3 Be3 36. Re2 Bc5 37. h5 a6 38. g4 Bb5 39. Rd2 Be3 40. Rb2
fxg4+ 41. Kxg4 Bf1 42. Bf3 Bb5 43. Rh2 Rg1+ 44. Rg2 Rxg2+ 45. Bxg2 Bd3 46. Kg5
b5 47. Bh3 Kf7 48. Kg4 b4 49. Kf3 Bxf4 50. Kxf4 b3 51. Ke3 Bf5 52. Bg4 Bxg4 0-1

[Event "Tournoi francophone 013"]
[Site "Skype"]
[Date "????.??.??"]
[Round "5.29"]
[White "Abate, Luigi"]
[Black "Tolaro, Filippa"]
[Result "1-0"]
[WhiteElo "1189"]
[BlackElo "1065"]
[PlyCount "121"]

1. d4 d5 2. c4 Nf6 3. Nc3 Bf5 4. Bf4 e6 5. Nb5 c6 6. Nc7+ Kd7 7. Nxa8 Na6 8.
cxd5 Nxd5 9. Bg3 Bb4+ 10. Qd2 Bxd2+ 11. Kxd2 Qxa8 12. f3 Qd8 13. e4 Qa5+ 14.
Kd1 Nc3+ 15. bxc3 Qxc3 16. Rb1 Qxd4+ 17. Ke1 Bg6 18. Rxb7+ Ke8 19. Bxa6 Qa1+
20. Kf2 Qxa2+ 21. Be2 Qa5 22. Rb8+ Kd7 23. Rxh8 Qc5+ 24. Kf1 f5 25. exf5 Bxf5
26. Nh3 Qc1+ 27. Be1 a5 28. g4 Bc2 29. Kf2 a4 30. Rf1 Bg6 31. Bb4 Qb2 32. Bd2
Qxd2 33. Rd1 Qd6 34. Rxd6+ Kxd6 35. Ra8 Bc2 36. Ng5 h6 37. Nf7+ Ke7 38. Nd8 c5
39. Bb5 a3 40. Nb7 Bb3 41. Nxc5 Bd5 42. Rxa3 e5 43. Re3 Kd6 44. Nd7 Bc6 45.
Bxc6 Kxc6 46. Nxe5+ Kd5 47. Ng6 Kd4 48. Re7 Kd5 49. Rxg7 Ke6 50. Rh7 h5 51.
gxh5 Kf6 52. Kg3 Kf5 53. f4 Kf6 54. Kg4 Ke6 55. Kg5 Kd5 56. h6 Ke4 57. Re7+ Kf3
58. h7 Kg2 59. h8=Q Kg1 60. Qh3 Kh1 61. Re1# 1-0

[Event "Tournoi francophone 013"]
[Site "Skype"]
[Date "????.??.??"]
[Round "5.30"]
[White "Dib, Catherine"]
[Black "Schnell, Nicolas"]
[Result "1-0"]
[WhiteElo "1070"]
[BlackElo "1099"]
[PlyCount "85"]

1. c4 e6 2. d4 Nf6 3. g3 Nc6 4. Bg2 Be7 5. Nc3 e5 6. e3 d6 7. Nf3 exd4 8. exd4
O-O 9. O-O Ng4 10. a3 Bf5 11. h3 Nf6 12. Re1 Re8 13. d5 Nb8 14. Nd4 Bd7 15. Be3
c5 16. dxc6 bxc6 17. b4 Be6 18. b5 Bxc4 19. bxc6 Qc8 20. c7 Qxc7 21. Bxa8 Qd7
22. Bg2 d5 23. Bf4 Nc6 24. Nxc6 Qxc6 25. Rb1 Bd6 26. Bg5 Be5 27. Bxf6 Qxf6 28.
Qf3 Qd8 29. Rbd1 d4 30. Qf5 g6 31. Qf3 Re6 32. Re4 Rf6 33. Qe3 Re6 34. Rxe5 Qd6
35. Rxd4 Bd5 36. Bxd5 Rxe5 37. Qf3 Re1+ 38. Kg2 Qe5 39. Qxf7+ Kh8 40. Rc4 Qg7
41. Rc8+ Re8 42. Rxe8+ Qg8 43. Qxg8# 1-0

[Event "Tournoi francophone 013"]
[Site "Skype"]
[Date "????.??.??"]
[Round "5.31"]
[White "Dhenain, Sebastien"]
[Black "Rodriguez Tovar, Liliana"]
[Result "1-0"]
[WhiteElo "1086"]
[BlackElo "1000"]
[PlyCount "75"]

1. e4 e5 2. Nf3 Nf6 3. Nc3 c5 4. Nxe5 Nc6 5. Nxc6 dxc6 6. Bc4 Bg4 7. Be2 Be6 8.
O-O Be7 9. h3 O-O 10. e5 Nd7 11. d4 Qa5 12. dxc5 Qxc5 13. Be3 Qxe5 14. Bd4 Qf4
15. g3 Qh6 16. Be3 Qxh3 17. Bf3 Ne5 18. Bg2 Qf5 19. Bd4 Rfd8 20. f4 Nf3+ 21.
Bxf3 Bd5 22. Nxd5 cxd5 23. Bg4 Qg6 24. f5 Qd6 25. Qf3 Bf6 26. Bxf6 Qxf6 27.
Rfd1 Qxb2 28. Rab1 Qxc2 29. Rxb7 Qc5+ 30. Kg2 Qc2+ 31. Kg1 Qxa2 32. Bh5 Qa6 33.
Bxf7+ Kf8 34. Bxd5 Qf6 35. Rf7+ Kg8 36. Rxf6+ Kh8 37. Rf7 Rab8 38. Qg4 1-0

[Event "Tournoi francophone 013"]
[Site "Skype"]
[Date "????.??.??"]
[Round "5.32"]
[White "Fernandez, Raquel"]
[Black "Porcabeuf, Jean-Marc"]
[Result "1-0"]
[WhiteElo "1043"]
[BlackElo "1229"]
[PlyCount "45"]

1. e4 e6 2. Nf3 d5 3. exd5 Qxd5 4. Nc3 Qd8 5. d4 Bd6 6. Bc4 c6 7. Ne4 Bc7 8.
O-O Ne7 9. b3 Ng6 10. Neg5 O-O 11. a4 Na6 12. Ba3 c5 13. dxc5 Bd7 14. c6 bxc6
15. Bxf8 Qxf8 16. Bxa6 f6 17. Ne4 Nf4 18. Qxd7 Bd6 19. Nxd6 Rd8 20. Qxc6 f5 21.
Nb7 Re8 22. Nd6 h6 23. Nxe8 1-0

[Event "Tournoi francophone 013"]
[Site "Skype"]
[Date "????.??.??"]
[Round "5.33"]
[White "Gagnon, Sindy"]
[Black "Hampton, Irene"]
[Result "1-0"]
[WhiteElo "1043"]
[BlackElo "1000"]
[PlyCount "93"]

1. e4 b6 2. c3 Bb7 3. d4 e6 4. Be3 d5 5. Nd2 Nf6 6. Bd3 Be7 7. Ngf3 Nbd7 8. O-O
O-O 9. h3 h6 10. Qc2 a5 11. a3 c6 12. b4 Qc7 13. Rab1 c5 14. dxc5 b5 15. Nb3
Rfd8 16. bxa5 e5 17. Bxb5 Nf8 18. a6 Ng6 19. axb7 Ra7 20. c6 Nf4 21. Rfd1 Bxa3
22. Bxa7 Bd6 23. exd5 e4 24. Nfd4 Nxh3+ 25. gxh3 Bh2+ 26. Kf1 e3 27. fxe3 Qg3
28. b8=Q Rxb8 29. Bxb8 Qxb8 30. Ra1 g5 31. d6 Qe8 32. d7 Qxe3 33. Qxh2 Qxc3 34.
Ra7 Kg7 35. d8=Q g4 36. Nf5+ Kg6 37. Ne7+ Kg7 38. Qhd6 gxh3 39. Nf5+ Kg6 40.
Q8xf6+ Qxf6 41. Qg3+ Kxf5 42. Rd5+ Ke6+ 43. Ke1 Kxd5 44. c7 Qb6 45. Ra2 Qxb5
46. c8=Q h2 47. Rd2+ 1-0

[Event "Tournoi francophone 013"]
[Site "Skype"]
[Date "????.??.??"]
[Round "6.1"]
[White "Rapaire, Jean-Michel"]
[Black "Legueltel, Daniel"]
[Result "1-0"]
[WhiteElo "1742"]
[BlackElo "1753"]
[PlyCount "75"]

1. e4 e5 2. Nf3 Nc6 3. Bb5 a6 4. Bxc6 dxc6 5. d4 exd4 6. Qxd4 Be6 7. O-O Qxd4
8. Nxd4 Bg4 9. f3 Bh5 10. Be3 Bd6 11. Nc3 Ne7 12. Nce2 c5 13. Nb3 b6 14. Rad1
Nc6 15. c3 O-O 16. Nf4 Bg6 17. Nxg6 hxg6 18. Nc1 Ne5 19. Nd3 Rad8 20. Nxe5 Bxe5
21. f4 Bf6 22. Kf2 Rxd1 23. Rxd1 Rd8 24. Rxd8+ Bxd8 25. c4 c6 26. g4 f6 27. Bd2
Kf7 28. Bc3 Bc7 29. Kf3 Ke6 30. h4 Bb8 31. h5 gxh5 32. gxh5 Bc7 33. Be1 Bd6 34.
Bg3 Bc7 35. f5+ Kd7 36. Bxc7 Kxc7 37. e5 fxe5 38. f6 1-0